000 00438nam a2200205Ia 4500
001 13068
003 GE_BSU
008 181216s||||||||xx |||||||||||||| ||und||
020 _a9780099545798
040 _cGE_BSU
080 _a821.111-3
100 _aGrisham,John.
245 4 _aThe confession.
260 _aLondon.
260 _bArrow Books.
260 _c2010
300 _a458p;20cm.
653 _aThe confession.
942 _cBK
999 _c46235
_d46235